| 000 | 01299njm a2200313Ia 4500 | ||
|---|---|---|---|
| 001 | 24084 | ||
| 003 | IT-RoPAU | ||
| 005 | 20220918181143.0 | ||
| 008 | 131025s9999 xx 000 0 und d | ||
| 040 | _aIT-RoPAU | ||
| 040 | _cIT-RoPAU | ||
| 041 | _aITALIANO | ||
| 999 |
_c101350 _d101350 |
||
| 999 | _bn.d. | ||
| 100 |
_aCento Giosy _91580 |
||
| 100 |
_eAutore musica _98651 |
||
| 100 |
_gCodice autore musica SPICS: 10822 _91582 |
||
| 245 | _aAttendi in linea ti passo Dio | ||
| 250 | _a1a ed. | ||
| 260 | _aROMA | ||
| 260 |
_bEP - MUSICALI E DISCOGRAFICHE _c1983 [1a Ed.:1983 - Ed. Lingua Orig.: 1983] |
||
| 300 | _aDISCO | ||
| 300 | _c39 minuti (Testo: pag.) | ||
| 500 | _aCanzone religiosa. Canti per l'itinerario di fede dei ragazzi proposto dal Catechismo "Vi ho chiamati amici" | ||
| 505 | _aNati sui prati di oggi - Di chi son figlio io? - Occhi di poeta - Mi sono svegliato e... - Chiara e Francesco - Chiesa di mattoni - Notte di Pasqua - Noi abbiamo creduto all'amore - Nuova terra nascerà - Giorno di Pentecoste - Canto per Jahvè. | ||
| 650 |
_aRELIGIOSO [DISCHI] _eCodice MATERIA SPICS: 9950 _9791 |
||
| 700 |
_aCento Giosy _eAutore testo e musica _gCodice autore testo/musica SPICS: 10822 _98652 |
||
| 700 |
_aCento Giosy _gCodice interprete SPICS: 10822 _eInterprete _98653 |
||
| 942 |
_cMD _2ddc |
||